[Event "COL pre olympic sf3"]
[Site "Cartagena"]
[Date "2019.08.18"]
[Round "8"]
[White "Giraldo, Nelson Argiro"]
[Black "Barragan, Luis"]
[Result "0-1"]
[WhiteElo "1600"]
[BlackElo "1490"]
[PlyCount "124"]
[EventDate "2019.08.14"]
[EventType "swiss"]
[EventRounds "10"]
[EventCountry "COL"]
[SourceTitle "EXT 2020"]
[Source "ChessBase"]
[SourceDate "2019.10.17"]
[SourceVersion "1"]
[SourceVersionDate "2019.10.17"]
[SourceQuality "1"]

1. e4 e5 2. Nf3 Nc6 3. Bb5 Qf6 4. 0-0 Bc5 5. Bxc6 bxc6 6. Nc3 d6 7. b3 h6 8. Bb2 Ne7 9. Na4 Bb6 10. Nxb6 cxb6 11. d4 Ng6 12. Qd3 0-0 13. Rad1 Kh8 14. dxe5 dxe5 15. Qd6 Qxd6 16. Rxd6 f6 17. Rxc6 Bb7 18. Rc4 Ba6 19. g3 Bxc4 20. bxc4 Rac8 21. Nh4 Nxh4 22. gxh4 Kg8 23. Ba3 Rxc4 24. Bxf8 Kxf8 25. f3 Rxc2 26. Ra1 a5 27. a4 Rb2 28. h3 Kf7 29. Kf1 g5 30. hxg5 hxg5 31. Kg1 Ke6 32. Rd1 Rb4 33. Rd5 Rxa4 34. Rb5 Rb4 35. Rd5 a4 36. Rd1 a3 37. Ra1 Ra4 38. Kf2 b5 39. Ke2 b4 40. Kd2 Kd6 41. Kc2 Kc5 42. Kb3 Ra8 43. Ra2 Kd4 44. Kxb4 Ke3 45. Rxa3+ Rxa3 46. Kxa3 Kxf3 47. Kb3 Kxe4 48. Kc3 f5 49. Kd2 Kf3 50. Ke1 e4 51. Kd2 g4 52. h4 f4 53. h5 g3 54. h6 g2 55. h7 g1Q 56. h8Q e3+ 57. Kd3 Qd1+ 58. Kc3 e2 59. Qh3+ Kf2 60. Qh4+ Ke3 61. Qe7+ Kf2 62. Qc5+ Kf1 0-1